| 000 | 00601nam a2200229Ia 4500 | ||
|---|---|---|---|
| 003 | OSt | ||
| 005 | 20250206135526.0 | ||
| 008 | 210210b1937 xxu||||| |||| 00| 0 eng d | ||
| 040 | _cAL | ||
| 041 | _ahin | ||
| 082 | _a861/93 | ||
| 100 |
_aHINDI PRACHAR SAMITI: _9198080 |
||
| 110 |
_bहिंदी प्रचार समिति _9198081 |
||
| 245 |
_aGuldasta I: _bगुल्दस्ता १ |
||
| 260 |
_aVardha _b- _c1937 |
||
| 440 |
_aI _9198082 |
||
| 650 |
_aI _9198083 |
||
| 650 |
_aGuldasta _9198084 |
||
| 690 |
_aHindi Poetry _9198085 |
||
| 906 | _a023113 | ||
| 942 |
_2ddc _cBK |
||
| 999 |
_c148013 _d148013 |
||